Nové výrobky

Nový výrobok a dôvody pre jeho výrobu. Životný cyklus výrobku. Bariéry realizácie nových výrobkov (výskum, vývoj, príprava výroby). Organizačné zmeny. Príprava strojných inžinierov.

Gespeichert in:
Bibliographische Detailangaben
1. Verfasser: Buchta, M.
Format: Buchkapitel
Sprache:Tschechisch
Schlagworte:
Tags: Tag hinzufügen
Keine Tags, Fügen Sie das erste Tag hinzu!

MARC

LEADER 00000naa a2200000 4500
001 r016638
005 20221205090651.7
041 0 |a cze 
044 |a CZ 
245 1 0 |a Nové výrobky  |c M. Buchta 
520 |a Nový výrobok a dôvody pre jeho výrobu. Životný cyklus výrobku. Bariéry realizácie nových výrobkov (výskum, vývoj, príprava výroby). Organizačné zmeny. Príprava strojných inžinierov. 
610 2 0 |a výrobky nové 
610 2 0 |a životnosť výrobkov 
610 2 0 |a cyklus výrobku životný 
610 2 0 |a priemysel strojársky 
610 2 0 |a výroba 
610 2 0 |a výskum 
610 2 0 |a vývoj 
610 2 0 |a zmeny organizačné 
610 2 0 |a inžinieri 
610 2 0 |a Česko 
100 1 |a Buchta, M.